Responses for Show #6360 - Friday, April 20, 2012

Contestants

[<< previous game]

Kerr Houston, a professor of art history from Baltimore, Maryland

Amy Drittler, a university public relations director from Tazewell, Tennessee

Dan Adkison, a copy editor from Brooklyn, New York (whose 2-day cash winnings total $31,800)

[next game >>]

Jeopardy! Round responses

MARINE BIOLOGY
BRAND NAMES
MAN: RAY
PRO TEAM ADDRESSES
AXIS & ALLIES
ONOMATOPOETIC WORDS
    $200 21
the squid

Triple Stumper
    $200 8
Kleenex

Amy
    $200 26
Greyhound

Kerr
    $200 14
the Green Bay Packers

Kerr
    $200 1
U.S., Britain, and Russia (or U.S.S.R.)

Dan
    $200 15
tweet

Kerr
    $400 22
otters

Kerr
    $400 9
ChapStick

Kerr
    $400 27
Ray Bradbury

Dan
    $400 13
New York Knicks

Kerr
    $1,000 2
Berlin and Rome

Dan
    $400 16
crackles

Dan
    $600 23
the trachea

Dan
    $600 10
a Polaroid

Kerr
    $600 28
James Earl Ray

Amy
    $600 5
Miami Dolphins

Kerr
    $600 3
France

Dan
    $600 17
pop

Kerr
    $800 24
a sponge

Amy
    $800 11
an eraser

Dan
    $800 29
Raymond Chandler

Kerr
    $800 6
Memphis Grizzlies

Amy
    $800 4
a puppet state

Kerr
    $800 18
the sizzle

Dan
    $1000 25
a manta

Dan
    $1000 20
Ragu

Dan
    $1000 30
the Brain Trust

Triple Stumper
    $1000 7
Minnesota Twins

Kerr
    $1000 12
Potsdam

Kerr
    $1000 19
wheezing

Dan

Scores at the first commercial break (after clue 15):

Dan Amy Kerr
$2,600 $1,000 $5,200

Scores at the end of the Jeopardy! Round:

Dan Amy Kerr
$7,800 $2,400 $7,200

Double Jeopardy! Round responses

JAZZ PIANISTS
THE MIDWEST
IT'S A COVER-UP
THE ACLU
BIBLICAL IDOL
THE "IX" FACTOR
    $400 30
(Kerr: Who is Count Basie?)
...
(Alex: You had a choice between Count Basie and [*], and that was [*].)

Duke Ellington

Kerr
Triple Stumper
    $400 9
the Great Lakes

Kerr
    $400 18
a tarp

Amy
    $400 1
World War I

Amy
    $400 8
(Alex: [*], the wise king.)

Solomon

Kerr
    $400 5
mixed doubles

Kerr
    $800 29
Dave Brubeck

Amy
    $800 10
sliced bread

Kerr
    $800 19
a cloak

Kerr
    $800 2
Japanese

Dan
    $800 23
stoning

Kerr
    $800 6
a suffix

Kerr
    $1200 17
(Alex: Yes, play it for me.)

"Misty"

Dan
    $1200 11
Indiana

Kerr
    $1200 20
a fig leaf

Kerr
    $1200 3
Ulysses

Dan
    $1200 24
a snake

Amy
    $1200 7
the sixpence

Kerr
    $1600 28
(Dan: Who is Gershwin?)

Fats Waller

Dan
Triple Stumper
    $1600 12
fossil

Dan
    $1600 21
slip

Dan
    $1600 4
Brown v. The Board of Education

Kerr
    $1,200 25
(Amy: Who is Baal?)
(Alex: No, but you're so close. Who is [*]?)

Beelzebub

Amy
    $1600 15
(Amy: What is a fixative?)

an elixir

Amy
Triple Stumper
    $2000 27
Earl "Fatha" Hines

Triple Stumper
    $8,000 13
the Cedar

Dan
    $2000 22
(Alex: You use it every day--it's called [*]. Blanc, [*].)

a blanket

Triple Stumper
    $2000 14
(Kerr: What is evolutionary theory?)

intelligent design

Kerr
Triple Stumper
    $2000 26
(Alex: [*], yes, now is the time for that one.)

Baal

Dan
    $2000 16
(Dan: What is pixie?)

pixilation

DanKerr

Scores at the end of the Double Jeopardy! Round:

Dan Amy Kerr
$20,600 $2,400 $16,400

[wagering suggestions for these scores]

Final Jeopardy! Round responses

WORLD CURRENCIES
AmyWhat is the Vatican
$600
KerrWhat is Lichtenstein?
$11,500
DanWhat is Malta?
$15,000
(1 of) Andorra, Montenegro, Monaco, or San Marino

Final scores:

Dan Amy Kerr
$5,600 $1,800 $4,900
3-day champion: $37,400 3rd place: $1,000 2nd place: $2,000

Game dynamics:

Coryat scores:

Dan Amy Kerr
$14,000 $3,600 $16,400
18 R
(including 2 DDs),
2 W
8 R,
2 W
(including 1 DD)
25 R,
2 W

Combined Coryat: $34,000

[game clues] [game scores] [suggest correction]

Game tape date: 2011-12-19
The J! Archive is created by fans, for fans. Scraping, republication, monetization, and malicious use prohibited; this site may use cookies and collect identifying information. See terms. The Jeopardy! game show and all elements thereof, including but not limited to copyright and trademark thereto, are the property of Jeopardy Productions, Inc. and are protected under law. This website is not affiliated with, sponsored by, or operated by Jeopardy Productions, Inc. Join the discussion at JBoard.tv.